000 00585nam a2200205Ia 4500
001 14928
003 GE_BSU
008 181216s||||||||xx |||||||||||||| ||und||
040 _cGE_BSU
080 _a511.5+512.7
100 _aБашмакова,И.Г.
245 _aДиофант и диофантовы уравнения
245 _cРед.Н.Н.Гендрихсон. Ф.И.Кизнер
260 _aМосква
260 _bНаука
260 _c1972
300 _a66стр.20см.
653 _aДиофант и диофантовы уравнения
942 _cBK
999 _c48048
_d48048